| 000 | 02193nam0a2200409 4500 | ||
|---|---|---|---|
| 001 | RU\NLR\BIBL_A\022318041 | ||
| 005 | 20260420014426.0 | ||
| 010 |
_a978-5-392-40070-6 _92000 |
||
| 021 |
_aRU _bКН-П-24-043475 _9КН-П-24-4330 |
||
| 035 | _a(NLR Aleph) 022318041 | ||
| 090 |
_a13664932 _c13664932 |
||
| 100 | _a20240911d2024 u y0rusy50 ca | ||
| 101 | 0 |
_arus _deng |
|
| 102 | _aRU | ||
| 105 | _aa n 000yy | ||
| 181 | 0 |
_ai3 _baxxe |
|
| 182 | 1 | _an | |
| 200 | 1 |
_aУК в схемах. Общая часть _dCriminal code in schemes. General part _eальбом _fЛ. В. Глазкова, В. Ю. Голубовский _gпод общей редакцией доктора юридических наук, профессора В. Ю. Голубовского _zeng |
|
| 203 |
_aТекст _bвизуальный _cнепосредственный |
||
| 210 |
_aМосква _cПроспект _d2024 |
||
| 215 |
_a149, [1] с. _cил. _d17x24 |
||
| 300 | _aАвт. также англ.: L. V. Glazkova, V. Yu. Golubovskiy | ||
| 300 | _aНа обороте тит. с. авт.: Глазкова Л. В., канд. юрид. наук, доц., Голубовский В. Ю., д-р юрид. наук, проф. | ||
| 300 | _aРез. англ. | ||
| 510 | 1 |
_6z11790 _aCriminal code in schemes. General part _zeng |
|
| 606 | 1 |
_aУголовное право _jСхемы _xОбщая часть _yРоссийская Федерация _92078722 _3RU\NLR\AUTH\661254586 |
|
| 686 | 1 | _aХ628.1я73 | |
| 700 | 1 |
_aГлазкова _bЛ. В. _gЛилия Владимировна |
|
| 701 | 1 |
_7ca _8rus _aГолубовский _bВ. Ю. _cд-р юрид. наук _gВладимир Юрьевич _9206059 _3RU\NLR\AUTH\770206111 |
|
| 742 | 1 |
_aРоссийская Федерация _iУголовный кодекс _tЗаконы _9425372 _3RU\NLR\AUTH\880379491 |
|
| 790 | 1 |
_6z11 _aGlazkova _bL. V. _gLilija Vladimirovna |
|
| 790 | 1 |
_7ba _8rus _aGolubovskij _bV. J. _cд-р юрид. наук _gVladimir Jur'evič _9206060 _3RU\NLR\AUTH\770206112 |
|
| 942 | _cBOOK | ||
| 980 | _aNB | ||